Πιόνια του Σκάκι σε Σκακιέρα - Statistics

General Stats
  • This quiz has been taken 34 times
  • The average score is 10 of 32
Answer Stats
Πιόνι % Correct
96%
79%
75%
68%
61%
57%
50%
43%
43%
43%
43%
43%
43%
39%
39%
32%
18%
18%
14%
14%
11%
11%
11%
11%
11%
7%
7%
7%
7%
4%
4%
4%
No matching quizzes found
Score Distribution
Percent of People with Each Score
Percentile by Number Answered
Your Score History
You have not taken this quiz